| 000 | 00509nam a2200193Ia 4500 | ||
|---|---|---|---|
| 003 | GCL | ||
| 005 | 20240530100403.0 | ||
| 008 | 140319s9999 xx 000 0 eng d | ||
| 040 |
_aGCL / _cGCL |
||
| 082 | 0 | 4 |
_a780.30 _bS O |
| 100 | 1 | _aSCHOLES, PERCY A | |
| 245 | 1 | 0 |
_aTHE OXFORD COMPANION TO MUSIC. / _cSCHOLES, PERCY A |
| 260 |
_a[S.N] : _bOXFORD UNIVERSITY PRESS ، _c1993 |
||
| 300 | _a1189 P | ||
| 650 | 0 | 4 | _aARTS |
| 650 | 0 | 4 | _aENCYCLOPEDIAS AND DICTIONARIES |
| 650 | 0 | 4 | _aMUSIC |
| 942 |
_2ddc _cBK |
||
| 999 |
_c17219 _d17219 |
||